<?xml version="1.0" encoding="UTF-8"?>
<collection xmlns="http://www.loc.gov/MARC21/slim">
 <record>
  <leader>00530pamaa2200181   4500</leader>
  <controlfield tag="001">0000011998</controlfield>
  <controlfield tag="005">20190802090000.0</controlfield>
  <datafield tag="020" ind1="0" ind2="0">
   <subfield code="a">9780724806386 </subfield>
  </datafield>
  <datafield tag="082" ind1=" " ind2=" ">
   <subfield code="a">658.15 WIL</subfield>
  </datafield>
  <datafield tag="090" ind1="0" ind2="0">
   <subfield code="a">HG4026 </subfield>
   <subfield code="b">WIL 1998</subfield>
  </datafield>
  <datafield tag="100" ind1="1" ind2="0">
   <subfield code="a">Wilson </subfield>
  </datafield>
  <datafield tag="245" ind1="1" ind2="0">
   <subfield code="a">Financial management : </subfield>
   <subfield code="b">principles and applications  </subfield>
   <subfield code="c">Clive Wilson and Bruce Keers.</subfield>
  </datafield>
  <datafield tag="250" ind1="0" ind2="0">
   <subfield code="a">3rd ed.</subfield>
  </datafield>
  <datafield tag="260" ind1="0" ind2="0">
   <subfield code="a">Sydney: </subfield>
   <subfield code="b">Prentice Hall, </subfield>
   <subfield code="c">1998.</subfield>
  </datafield>
  <datafield tag="300" ind1=" " ind2=" ">
   <subfield code="a">xv, 496p.: </subfield>
   <subfield code="b">24cm.</subfield>
  </datafield>
  <datafield tag="650" ind1="0" ind2="0">
   <subfield code="a">Business enterprises -- </subfield>
   <subfield code="x">Finance </subfield>
  </datafield>
  <datafield tag="650" ind1="0" ind2="0">
   <subfield code="a">Corporations -- </subfield>
   <subfield code="x">Finance </subfield>
  </datafield>
  <datafield tag="700" ind1="1" ind2="1">
   <subfield code="a">Keers, </subfield>
   <subfield code="h">Bruce </subfield>
  </datafield>
 </record>
</collection>
